Statistiques concernant Focus sur: la Russie

Cliquez ici pour prendre le quiz!

Statistiques générales

  • Ce quiz a été pris 276 fois
  • Le résultat moyen est 22 sur 29

Statistiques - réponses

Informations recherchéesRéponses% Correct
Nom des habitants du paysRusse
98%
Langue officielle (hors les langues officielles locales)Russe
98%
Couleur du drapeau (milieu)Bleu
96%
Frontière Sud-Est 1Chine
96%
Couleur du drapeau (haut)Blanc
95%
CapitaleMoscou
95%
Couleur du drapeau (bas)Rouge
95%
Frontière Ouest 1Ukraine
95%
Frontière Sud-Est 2Mongolie
93%
Frontière Ouest 3Biélorussie
91%
Frontière Ouest 4Estonie
88%
Frontière Ouest 6Lettonie
88%
Frontière Sud-Est 3Corée du Nord
87%
Frontière Ouest 2Finlande
86%
Frontière Ouest 5Lituanie
86%
MonnaieRouble
83%
Nom des habitants de la capitaleMoscovite
81%
Frontière de territoire séparé du paysPologne
81%
Frontière Sud-Ouest 1Géorgie
80%
Frontière Sud-Ouest 2Kazakhstan
80%
Frontière Sud-Ouest 3Azerbaidjan
74%
Régime politiqueRépublique fédérale
71%
Frontière Ouest 7Norvege
66%
Nom completFédération de Russie
55%
Nombre d'habitants de la capitale (arrondi à la dizaine de mille près)12 330 126 habitants
38%
Indicateur téléphonique+7
37%
Nombre d'habitants (arrondi à la dizaine de millions près)146 544 710 habitants
34%
Superficie (arrondi au million de kilomètres carrés)17 125 191 kilomètres carés
29%
Hymne nationalHymne national de la fédération de Russie
6%

Distribution des résultats

Percentile par nombre de réponses

% des personnes avec chaque résultat

Votre développement - résultats

Vous n’avez pas pris ce quiz